000 00604nam a2200193 a 4500
001 000010269
005 20240412074216.0
008 091006s1988 dr r 000 p spa d
040 _aDO-SdBNP
_bspa
_cBNPHU
082 _aRD861.44
_bF316po
100 1 _aFéliz, Rafael Nino,
_d1954-
_925285
245 1 0 _aPortada universal :
_bpoemas /
_cRafael Nino Féliz.
260 _aSanto Domingo :
_bTaller,
_c1988.
300 _a72 p. :
_bil. ;
_c20 cm.
590 _aInventariado, 2018/BT
650 0 _aPoesía dominicana
_966
650 0 _aLiteratura dominicana.
_967
910 _aValidado. Control de calidad. MFF
999 _c10028
_d10028